<?xml version="1.0" encoding="UTF-8"?>
<record
    xmlns:xsi="http://www.w3.org/2001/XMLSchema-instance"
    xsi:schemaLocation="http://www.loc.gov/MARC21/slim http://www.loc.gov/standards/marcxml/schema/MARC21slim.xsd"
    xmlns="http://www.loc.gov/MARC21/slim">

  <leader>00773nam a22001937a 4500</leader>
  <datafield tag="999" ind1=" " ind2=" ">
    <subfield code="c">194562</subfield>
    <subfield code="d">194562</subfield>
  </datafield>
  <controlfield tag="005">20230509151129.0</controlfield>
  <datafield tag="010" ind1=" " ind2=" ">
    <subfield code="a">B-747512-517                E.N.A./7.11.22</subfield>
  </datafield>
  <datafield tag="020" ind1=" " ind2=" ">
    <subfield code="a">9789383723614</subfield>
    <subfield code="c">495.00</subfield>
  </datafield>
  <datafield tag="035" ind1=" " ind2=" ">
    <subfield code="a">B-747512-517  </subfield>
  </datafield>
  <datafield tag="037" ind1=" " ind2=" ">
    <subfield code="b">LG Publication Distr.</subfield>
  </datafield>
  <datafield tag="082" ind1=" " ind2=" ">
    <subfield code="a">S</subfield>
  </datafield>
  <datafield tag="245" ind1=" " ind2=" ">
    <subfield code="a">Premchand: </subfield>
    <subfield code="b">God's Share in Stale Rice &amp; Other Stories/</subfield>
    <subfield code="c">Trans. by T.C. Ghai</subfield>
  </datafield>
  <datafield tag="260" ind1=" " ind2=" ">
    <subfield code="a">Delhi</subfield>
    <subfield code="b">LG Publication Distr.</subfield>
    <subfield code="c">2019</subfield>
  </datafield>
  <datafield tag="270" ind1=" " ind2=" ">
    <subfield code="a">49, Lane No.14, Pratap Nagar Mayur Vihar Phase I</subfield>
    <subfield code="b">Delhi</subfield>
    <subfield code="e">110091</subfield>
  </datafield>
  <datafield tag="300" ind1=" " ind2=" ">
    <subfield code="a">323p.</subfield>
    <subfield code="c">22cm(pbk)</subfield>
  </datafield>
  <datafield tag="700" ind1=" " ind2=" ">
    <subfield code="a">Ghai, T.C.</subfield>
  </datafield>
  <datafield tag="942" ind1=" " ind2=" ">
    <subfield code="2">ddc</subfield>
    <subfield code="c">EN</subfield>
    <subfield code="m">PRE</subfield>
    <subfield code="h">S</subfield>
  </datafield>
  <datafield tag="952" ind1=" " ind2=" ">
    <subfield code="0">0</subfield>
    <subfield code="1">0</subfield>
    <subfield code="4">0</subfield>
    <subfield code="7">0</subfield>
    <subfield code="8">FIC</subfield>
    <subfield code="a">L</subfield>
    <subfield code="b">L</subfield>
    <subfield code="d">2023-05-09</subfield>
    <subfield code="e">LG Publishers/L-220/30.11.22/175/23.11.22/13.12.22</subfield>
    <subfield code="g">495.00</subfield>
    <subfield code="l">2</subfield>
    <subfield code="o">S PRE</subfield>
    <subfield code="p">B-747512</subfield>
    <subfield code="r">2024-12-13 00:00:00</subfield>
    <subfield code="s">2024-12-07</subfield>
    <subfield code="t">1</subfield>
    <subfield code="v">495.00</subfield>
    <subfield code="w">2023-05-09</subfield>
    <subfield code="y">EN</subfield>
  </datafield>
  <datafield tag="952" ind1=" " ind2=" ">
    <subfield code="0">0</subfield>
    <subfield code="1">0</subfield>
    <subfield code="4">0</subfield>
    <subfield code="7">0</subfield>
    <subfield code="8">FIC</subfield>
    <subfield code="a">AV</subfield>
    <subfield code="b">AV</subfield>
    <subfield code="d">2023-05-09</subfield>
    <subfield code="e">LG Publishers/L-220/30.11.22/175/23.11.22/13.12.22</subfield>
    <subfield code="g">495.00</subfield>
    <subfield code="l">5</subfield>
    <subfield code="m">4</subfield>
    <subfield code="o">S PRE</subfield>
    <subfield code="p">B-747513</subfield>
    <subfield code="r">2025-04-09 00:00:00</subfield>
    <subfield code="s">2025-02-25</subfield>
    <subfield code="t">1</subfield>
    <subfield code="v">495.00</subfield>
    <subfield code="y">EN</subfield>
  </datafield>
  <datafield tag="952" ind1=" " ind2=" ">
    <subfield code="0">0</subfield>
    <subfield code="1">0</subfield>
    <subfield code="4">0</subfield>
    <subfield code="7">0</subfield>
    <subfield code="8">FIC</subfield>
    <subfield code="a">BL1</subfield>
    <subfield code="b">BL1</subfield>
    <subfield code="d">2023-05-09</subfield>
    <subfield code="e">LG Publishers/L-220/30.11.22/175/23.11.22/13.12.22</subfield>
    <subfield code="g">495.00</subfield>
    <subfield code="l">2</subfield>
    <subfield code="m">1</subfield>
    <subfield code="o">S PRE</subfield>
    <subfield code="p">B-747514</subfield>
    <subfield code="r">2025-06-02 00:00:00</subfield>
    <subfield code="s">2025-04-29</subfield>
    <subfield code="t">1</subfield>
    <subfield code="v">495.00</subfield>
    <subfield code="y">EN</subfield>
  </datafield>
  <datafield tag="952" ind1=" " ind2=" ">
    <subfield code="0">0</subfield>
    <subfield code="1">0</subfield>
    <subfield code="4">0</subfield>
    <subfield code="7">0</subfield>
    <subfield code="8">FIC</subfield>
    <subfield code="a">JP</subfield>
    <subfield code="b">JP</subfield>
    <subfield code="d">2023-05-09</subfield>
    <subfield code="e">LG Publishers/L-220/30.11.22/175/23.11.22/13.12.22</subfield>
    <subfield code="g">495.00</subfield>
    <subfield code="l">3</subfield>
    <subfield code="m">1</subfield>
    <subfield code="o">S PRE</subfield>
    <subfield code="p">B-747515</subfield>
    <subfield code="r">2025-08-05 00:00:00</subfield>
    <subfield code="s">2024-01-29</subfield>
    <subfield code="t">1</subfield>
    <subfield code="v">495.00</subfield>
    <subfield code="y">EN</subfield>
  </datafield>
  <datafield tag="952" ind1=" " ind2=" ">
    <subfield code="0">0</subfield>
    <subfield code="1">0</subfield>
    <subfield code="4">0</subfield>
    <subfield code="7">0</subfield>
    <subfield code="8">FIC</subfield>
    <subfield code="a">BL4</subfield>
    <subfield code="b">BL4</subfield>
    <subfield code="d">2023-05-09</subfield>
    <subfield code="e">LG Publishers/L-220/30.11.22/175/23.11.22/13.12.22</subfield>
    <subfield code="g">495.00</subfield>
    <subfield code="l">7</subfield>
    <subfield code="o">S PRE</subfield>
    <subfield code="p">B-747516</subfield>
    <subfield code="r">2026-06-13 13:48:57</subfield>
    <subfield code="s">2026-06-01</subfield>
    <subfield code="t">1</subfield>
    <subfield code="v">495.00</subfield>
    <subfield code="y">EN</subfield>
  </datafield>
  <datafield tag="952" ind1=" " ind2=" ">
    <subfield code="0">0</subfield>
    <subfield code="1">0</subfield>
    <subfield code="4">0</subfield>
    <subfield code="7">0</subfield>
    <subfield code="8">FIC</subfield>
    <subfield code="a">YV</subfield>
    <subfield code="b">YV</subfield>
    <subfield code="d">2023-05-09</subfield>
    <subfield code="e">LG Publishers/L-220/30.11.22/175/23.11.22/13.12.22</subfield>
    <subfield code="g">495.00</subfield>
    <subfield code="l">1</subfield>
    <subfield code="m">1</subfield>
    <subfield code="o">S PRE</subfield>
    <subfield code="p">B-747517</subfield>
    <subfield code="r">2023-09-04 00:00:00</subfield>
    <subfield code="s">2023-08-02</subfield>
    <subfield code="t">1</subfield>
    <subfield code="v">495.00</subfield>
    <subfield code="y">EN</subfield>
  </datafield>
</record>
